000 00662nam a22002057a 4500
003 OSt
005 20260407115752.0
008 260407b |||||||| |||| 00| 0 ESP d
082 _2226605046
100 _aBABEL Idiomas
245 _aITALIANO PARA TODOS
250 _aPRIMERA EDICION
260 _aJESUS MARIA - PERU
_bBABEL IDIOMAS
_c2000
300 _a288 PAG
_cLIBRO DE BOLSILLO
490 _3HOJA BLANDA
520 _aEl curso de auto-aprendizaje más fácil del mundo... italiano
650 _aitaliano para todos
_vla pronunciacion , concordancia de los objetivos
_xpresente del indicativo
700 _aBabel idiomas
942 _2ddc
_cBKA
_n0
999 _c2046
_d2046